000
00281nam a2200109Ia 4500
008
220120s9999||||xx |||||||||||||| ||und||
100
_a
Kano, Kanaan
245
0
_a
Semiconductor device
260
_a
Pearson education of asia
_b
Bangalore
_c
2005
300
_b
0
650
_a
ELECTRONICS
999
_c
137130
_d
137130